Normal view
MARC view
- Ballesteros Pastor, José Manuel,
Entry Nombre Personal
001 - NUMERO DE CONTROL
- campo de control: 31106
003 - IDENTIFICADOR DE NUMERO DE CONTROL
- campo de control: UPN
005 - FECHA Y HORA DE LA ÜLTIMA TRANSACCIÓN
- campo de control: 20210219194420.0
008 - DATOS DE LONGITUD FIJA
- campo de control de longitud fija: nabaccnnaabn|||||||||| b |nc|||||d
035 ## - NUMERO DE CONTROL
- Número de control: UPN11000003212
040 ## - FUENTE DE CATALOGACIÓN
- Lenguaje de catalogación: SPA
- Agencia de transcripción: UPN
100 1# - ENCABEZAMIENTO - NOMBRE PERSONAL
- Nombre personal: Ballesteros Pastor, José Manuel,
- Fechas asociadas con el nombre: 1952-
670 ## - FUENTE EN LA QUE SE LOCALIZARON DATOS
- Cita de la fuente: T
- Uniform Resource Identifier: http://ateneodecordoba.com/index.php/Jos%C3%A9_Manuel_Ballesteros_Pastor
680 ## - NOTA PUBLICA DE ACCESO PÚBLICO
- Frase explicativa de la referencia: Escritor argentino
902 ## - CATALOGADOR
- Catalogador: CAA/030811
